000 01124nam a22003017a 4500
010 _aBAC-CH25
020 _a9788184770728
_c150.00
035 _aB-556325-358
035 _aG-003061
037 _aDPL
_bUBH/vendor
082 0 0 _aS
_223
100 1 _aStine, R. L.
245 1 0 _aGoosebumps wanted :
_bthe haunted mask /
_cby R.L. Stine.
246 3 0 _aHaunted mask
260 _aNew York :
_bScholastic Press,
_cc2013
270 _a557 Broadway,
_bNew York,
_eNY 10012
300 _a231p.
_c22cm(pbk)
520 _aWhen she discovers an evil mask at the bottom of a trunk and puts it on, LuAnn's Halloween turns into a real nightmare because only an act of unbelievable kindness can remove it.
650 0 _aMasks
_vJuvenile fiction.
650 0 _aHalloween
_vJuvenile fiction.
650 0 _aHorror tales.
650 1 _aHorror stories.
650 1 _aMasks
_vFiction.
650 1 _aHalloween
_vFiction.
942 _2ddc
_cCH
_hS
_mSTI
999 _c86622
_d86622